Instalaciones eléctricas de interior: adaptado al nuevo RBT BOE 2002

Uloženo v:
Podrobná bibliografie
Hlavní autor: Moreno Gil, José (autor)
Další autoři: Lasso Tárraga, David, Fernández García, Carlos
Médium: Kniha
Jazyk:španělština
Vydáno: Madrid, España Thomson Paraninfo 2008
Vydání:Segunda edición
Edice:Equipos e Instalaciones Electrotécnicas
Témata:
Tagy: Přidat tag
Žádné tagy, Buďte první, kdo vytvoří štítek k tomuto záznamu!

MARC

LEADER 00000cam a2200000 a 4500
001 UCG9894
003 CL-VaPUC
005 20240530170322.0
008 120412e20080000SP |||||||||||||||||spa|d
999 |c 347420  |d 347418 
020 |a 9788497322959 
040 |c Pontificia Universidad Católica de Valparaíso 
082 0 4 |a 621.31 MOR 2008  |2 21 
100 |a Moreno Gil, José  |e autor  |9 561640 
245 1 0 |a Instalaciones eléctricas de interior: adaptado al nuevo RBT BOE 2002 
250 |a Segunda edición 
260 0 3 |a Madrid, España  |b Thomson Paraninfo  |c 2008 
300 |a 446 páginas 
490 0 |a Equipos e Instalaciones Electrotécnicas 
583 |a last modification  |c 20121219 11:27:42  |k Rodrigo Vera 
650 7 |a INSTALACIONES ELECTRICAS  |2 CL-VaPUC  |9 262736 
650 7 |a CABLES ELECTRICOS  |2 CL-VaPUC  |9 263131 
650 0 |a luminotecnia  |9 345473 
650 0 |a Distribución de energía eléctrica   |9 260221 
700 0 |a Lasso Tárraga, David  |9 561641 
700 0 |a Fernández García, Carlos  |9 561642 
942 |c BK  |2 ddc 
945 |d 20120412 00:00:00  |a dcastane